Sports Quiz

Random Sports Quiz

#4 royal rumble entrants Quiz Stats

 Plays Quiz not verified by Sporcle

Score 0/25 Timer 10:00
0 Plays Today
year super star % Correct
1998the rock
62.8%
1989Mr.Perfect
58.1%
2005hardcore holly
58.1%
2008 the great khali
55.8%
1990Jake Roberts
53.5%
2012Cody rhodes
53.5%
2001faarooq
51.2%
2007matt hardy
51.2%
1988Jim Neidhart
48.8%
2006psicosis
46.5%
2009mvp
46.5%
1992jerry sags
44.2%
2010jtg
44.2%
year super star % Correct
1991Paul roma
41.9%
1994kwang
41.9%
1996jerry Lawler
41.9%
1999droz
41.9%
2003Rey mysterio
41.9%
2004tajiri
41.9%
2011zack ryder
41.9%
1993Ted di biase
39.5%
2002bradshaw
39.5%
1997phineas godwinn
34.9%
1995duke droese
32.6%
2000christain
4.7%

You're not logged in!

Compare scores with friends on all Sporcle quizzes.
OR
Log In

Sporcle TV

Today on Sporcle TV


Watch our educational content, quiz creation guides, and fun videos on Sporcle TV.

Show Comments

Extras

Created Feb 21, 2012ReportNominate
Tags:entrant, royal, rumble, star

Top Quizzes Today


Score Distribution

Your Account Isn't Verified!

In order to create a playlist on Sporcle, you need to verify the email address you used during registration. Go to your Sporcle Settings to finish the process.

Report this User

Report this user for behavior that violates our Community Guidelines.

Details: